| 000 | 01465cam a22003857a 4500 | ||
|---|---|---|---|
| 003 | CHAP | ||
| 005 | 20220329142013.0 | ||
| 008 | 980126d1998 mx a r 00110 spa d | ||
| 010 | _a76921 | ||
| 011 | _a77893 | ||
| 035 | _a87664 | ||
| 040 | _cCHAP | ||
| 090 | _aTesis | ||
| 100 | 0 | 0 |
_aAnguiano Sánchez, Luis Eduardo. _95821 |
| 245 | 1 | 0 |
_aElaboración de programas de fertilización en maíz, jitomate, naranja y crisantemo _c/por Luis Eduardo Anguiano Sánchez y Yadira Láscares Ochoa |
| 260 |
_aChapingo, Méx. : _bEl autor, _c1998. |
||
| 300 |
_a124 h. : _bilus. ; anexo |
||
| 502 | _aTesis (Ing. Agr. Esp. en Fitotecnia) -- UACH. Departamento de Fitotecnia | ||
| 590 |
_aALEPH _b10 _c20130110 _lUCH01 _h1427 |
||
| 590 |
_aBATCH-UPD _b10 _c20130110 _lUCH01 _h0739 |
||
| 590 |
_aBATCH-UPD _b10 _c20130410 _lUCH01 _h0421 |
||
| 590 |
_aBATCH-UPD _b10 _c20130914 _lUCH01 _h0334 |
||
| 590 |
_aCONVERSION _b10 _c20130109 _lUCH01 _h1342 |
||
| 650 | 1 | 4 |
_aFertilizantes _xEfecto en crisantemo. _940504 |
| 650 | 1 | 4 |
_aFertilizantes _xEfecto en maíz. _940527 |
| 650 | 1 | 4 |
_aFertilizantes _xEfecto en naranja. _940530 |
| 650 | 1 | 4 |
_aFertilizantes _xEfecto en tomate. _940556 |
| 700 | 0 |
_aLascares Ochoa, Yadira. _965016 |
|
| 901 | _aBK | ||
| 905 | _aAlejandra Carrasco M. | ||
| 942 | _cFOLL | ||
| 949 |
_bBC _cTES _d33724000706875 _eTS2 _fc.2 _h33471 _i87664 _si |
||
| 949 |
_bBC _cTES _d33724000758652 _eTS2 _fc.3 _h35518 _i87664 _si |
||
| 949 |
_bBC _cTES _d876641 _eTS1 _h33470 _i87664 _sb |
||
| 999 |
_c76921 _d76921 |
||